Japonská cesta celoživotného vzdelávania
Japonský prístup k celoživotnému vzdelávaniu. Základné informácie o Japonsku. Reformy v japonskom vzdelávaní od 19. storočia po dnes. Vzdelávanie dospelých v Japonsku: jeho právna podpora, cieľové skupiny, vzdelávacie inštitúcie. Obsah celoživotného vzdelávania. Formálna, nonformálna a informálna vý...
Enregistré dans:
| Auteur principal: | |
|---|---|
| Format: | Chapitre de livre |
| Langue: | slovaque |
| Sujets: | |
| Tags: |
Pas de tags, Soyez le premier à ajouter un tag!
|
MARC
| LEADER | 00000naa a2200000 4500 | ||
|---|---|---|---|
| 001 | r037385 | ||
| 005 | 20230918123240.4 | ||
| 041 | 0 | |a slo | |
| 044 | |a SK | ||
| 245 | 1 | 0 | |a Japonská cesta celoživotného vzdelávania |c Zdenko Reguli |
| 520 | |a Japonský prístup k celoživotnému vzdelávaniu. Základné informácie o Japonsku. Reformy v japonskom vzdelávaní od 19. storočia po dnes. Vzdelávanie dospelých v Japonsku: jeho právna podpora, cieľové skupiny, vzdelávacie inštitúcie. Obsah celoživotného vzdelávania. Formálna, nonformálna a informálna výchova a vzdelávanie v Japonsku. | ||
| 610 | 2 | 0 | |a vzdelávanie permanentné |
| 610 | 2 | 0 | |a vzdelávanie celoživotné |
| 610 | 2 | 0 | |a andragogika |
| 610 | 2 | 0 | |a vzdelávanie |
| 610 | 2 | 0 | |a Japonsko |
| 610 | 2 | 0 | |a reformy školské |
| 610 | 2 | 0 | |a výchova |
| 610 | 2 | 0 | |a výchova mimoškolská |
| 610 | 2 | 0 | |a dospelí |
| 610 | 2 | 0 | |a školstvo |
| 100 | 1 | |a Reguli, Zdenko | |